000 00256nam a2200097 a 4500
005 20200930055308.0
008 110413s1903 000 spa d
245 0 _aProtocolo sobre ceremonial diplomatico.
260 _aSanto Domingo,
_c1903.
999 _c28534
_d28534
040 _aDO-SdBNP